000
00247nam a2200097Ia 4500
001
714006
005
20250826162856.0
008
250824s9999 xx 000 0 und d
245
0
_a
HEKİMOĞLU EFSANESİ
_c
BAHA RAHMİ ÖZEN
260
_b
HAYAT YAYINLARI
999
_c
714006
_d
714006